000 00673nam a2200217 u 4500
001 000020747
005 20240412074249.0
008 100813s2015 dr 000 j spa d
020 _a9789945588590
040 _aDO-SdBNP
_bspa
_cBNPHU
082 _aRD863.44
_bS715a
100 1 _aSosa, Carlos
_938073
245 1 0 _aAcuarela en si bemol /
_cCarlos Sosa.
260 _aSanto Domingo :
_bRumbo Norte,
_c2015.
300 _a73 p. ;
_c23 cm.
590 _aInventariado, 2020 / DG
500 _aIncluye datos biográficos del autor en las solapas
650 0 _aCuentos dominicanos
_9176
650 0 _aLiteratura dominicana.
_967
910 _aValidado. Control de calidad MFF
999 _c20251
_d20251